000 03386cam a22012734i 4500
003 PE-LiUPU
005 20250813185330.0
008 981103s1995 sp 000 0 spa d
020 _a278771272X
020 _a8782787712728
035 _a(Sirsi) i9782787712727
040 _aPE-LiUPU
_bspa
_cPE-LiUPU
_erda
049 _aPRUA
082 0 _a333.79
_bB84
_223
100 1 _aBrown B., Lester,
_eautor.
245 1 3 _aLa gran transición :
_bDe los combustibles fósiles a la energía solar y eólica /
_cLester R. Brown y otras tres.
264 _aBogotá :
_bEcoe ediciones,
_c2015.
300 _a167 páginas ;
_c21 centímetros.
336 _text
_2rdacontent
337 _unmediated
_2rdamedia
338 _volume
_2rdacarrier
490 0 _aDocumento
504 _aBibliografía : páginas 154-163.
505 2 _aUn cambio en la dirección -- Auge y caída del petróleo -- El cierre de las plantas de carbón -- el declive de la energía nuclear -- La revolución solar -- La era del viento -- Aprovechar el calor de la tierra -- Energía hidroeléctrica: pasado y futuro -- La transición se acelera.
526 _aP202
526 _aP201
526 _aP163
526 _aP162
526 _aP161
526 _aP160
526 _aP148
526 _aP147
526 _aP146
526 _aP145
526 _aP144
526 _aP143
526 _aP142
526 _aP141
526 _aP140
526 _aP139
526 _aP138
526 _aP137
526 _aP136
526 _aP135
526 _aP134
526 _aP133
526 _aP129
526 _aP128
526 _aP127
526 _aP120
526 _aP119
526 _aP118
526 _aP116
526 _aP115
526 _aP114
526 _aP110
526 _aP109
526 _aP108
526 _aP104
526 _aP103
526 _aP102
526 _aP99
526 _aP98
526 _aP97
526 _aP96
526 _aP95
526 _aP93
526 _aP90
526 _aP89
526 _aP88
526 _aP83
526 _aP82
526 _aP62
526 _aP59
526 _aP58
526 _aP57
526 _aP51
526 _aP49
526 _aP48
526 _aP47
526 _aP29
526 _aP24
526 _aP20
526 _aP19
526 _aP17
526 _aP15
526 _aP14
526 _aP12
526 _aP10
526 _aP09
526 _aP08
526 _aP07
526 _aP06
526 _aP05
526 _aP04
526 _aP01
541 _g0020-0000647;
700 _aE. Adams, Emily,
_eautor.
700 _aGarcía Arbeláez, Carolina,
_etraductor.
700 _aLarsen, Janet,
_eautor.
700 _aLedesma Bohorquez, Mateo,
_etraductor.
700 _aRincón Gonzáles, Gilberto,
_etraductor.
700 _aRoney, J. Matthew,
_eautor.
942 _2ddc
_cBOOK
949 _a333.79 B84
_wDEWEY
_c1
_i74126
_lCCODEBUL1
_mBUL
_p15.88
_r0
_sY
_tBOOK
_u2016-7-26
_xINGENIERIA
_0COMPRA
_o.STAFF. Colección General
994 _aC0
_bPEPRU
596 _a1
999 _a333.79 B84
_wDEWEY
_c11613
_i74126
_f2021-11-9
_g7
_lCCODEBUL1
_mBUL
_p15.88
_q1
_r0
_sY
_tBOOK
_u2016-7-26
_xINGENIERIA
_PP24
_0COMPRA
_o.STAFF. Colección General
_d11613
980 _81
_gALBERTO SANCHEZ Responsable de Automatización